00489nam a2200205Ia 4500008004100000020001800041050001400059100002200073245003700095245002500132260001000157260001600167260000900183300001600192300002600208300001000234300002400244440000700268500000800275170918s9999 xx 000 0 und d a9780439559720 bS857 2000 aStilton, Geronimo aAll because of a cup of coffee / cby Geronimo Stilton. aUSA : bScholastic, c2000 a112 pages : bcolor illustrations ; c19cm. eGeronimo Stilton ;  a10 a420